00639nam a22002057a 450000500170000001000220001702000260003903500170006503500140008203500130009603700150010903700130012408200060013710000170014324500970016026000430025727000930030030000230039370000170041620170801100214.0 a1617EN ENG-116802 a9780670085583c699.00 aB-649232-241 aEN-100334 aB-667249 adplbAakar bDBAD/PUB aN aPamuk, Orhan aA strangeness in my mind :cby Pamuk, Orhan translated from turkish by Ekin Oklapba novel / aGurgaon bPenguin Random house c2015 aPenguin Books pvt. Ltd., 7th Floor, Infiniry Tower C, DLF Cyber City, bGurgaon e122002 axv,599p.c24cm(hb) a Oklap, Ekin